Регионална библиотека "Любен Каравелов" - Русе

Философски критически студии (Запис номер 328073)

MARC детайли
000 -Лидер
Контролно поле с фиксирана дължина nam a22 a 4500
003 - Код на организацията, давaща контролен номер
Контролно поле BLK
005 - Дата и час на последна редакция
Контролно поле 20190218110607.0
008 - Елементи от данни с фиксирана дължина
fixed length control field 181218b bu ||||| |||| 00| 0 bu d
020 ## - Международен стандартен номер на книга ISBN
Международен стандартен номер на книга ISBN 9786190102373
040 ## - Източник на каталожния запис
Идентификатор на билиотеката - собственик на записа BLK
041 ## - Код за език
Код за езика на текст/звукозапис или на отделно заглавие Български
Код за езика КДБФ Български
080 ## - УДК
Текстов определител УДК Общи работи. Философски науки в цялост
УДК код - определител по УДК 101
УДК определител (091)
УДК - код + определител 101(091)
100 ## - Редна дума - Автор
R(LIN) 370579
Автор Делчев, Красимир
Авторска отговорност първи автор
139 ## - Редно поле
Редна дума Делчев, Красимир
Авторски знак Делч - Д 39
245 ## - Сведения за заглавието
Заглавие Философски критически студии
260 ## - Област на издателските данни
9 (RLIN) 210881
Място на издаване, разпространение и проч. София
Име на издателя, разпространителя и проч. Изток-Запад
Година на издаване 2018
Издателство - префикс ISBN 978-619-01- ; 978-619-152- ; 978-954-321- ; 954-8945-
300 ## - Физическа характеристика
Страници 216 с.
Размери/Мащаб 22 см
380 ## - Жанр
Жанр Философия
650 #7 - Допълнително описание по предмет – тема
9 (RLIN) 159735
Основно описание – тема или топоним Критика
653 #7 - Ключова дума – ненормативна
9 (RLIN) 197659
Ключова дума студии
700 ## - Други автори (авторска отговорност)
9 (RLIN) 390420
Лично име Манова, Габриела
Автороска отговорност (Описва отношението между автора и произведението) кор.
700 ## - Други автори (авторска отговорност)
9 (RLIN) 639
Лично име Козаров, Любен
Автороска отговорност (Описва отношението между автора и произведението) компютърна обраб.
700 ## - Други автори (авторска отговорност)
9 (RLIN) 339548
Лично име Трифонова, Деница
Автороска отговорност (Описва отношението между автора и произведението) худож.
852 ## - Местоположение
Форматна сигнатура Цб 292692
999 ## - СИСТЕМНИ КОНТРОЛНИ НОМЕРА
Koha biblionumber 328073
Koha biblioitemnumber 328073
942 ## - АРТИКУЛИ
Вид на библиотечния материал Книги
Скрит в OPAC Не
944 ## - СЪЗДАВАНЕ И РЕДАКЦИЯ на ЗАПИСА
Създаване/Редакция Създаване
Дата на регистрацията/редакция 2018-12-18
Служител, извършил регистрацията/редакцията Кристиан Велковски
Статус, дата на статуса 2018-12-18
999 ## - СИСТЕМНИ КОНТРОЛНИ НОМЕРА
Koha biblioitemnumber 328073
Наличности
Код за отписване Код за изгубен артикул Източник на класификационната схема Код за повреда Коз за рестрикции Код за отдаване Артикулен № Име на библиотеката - собственик Име на библиотеката, в която се намира в момента Статус (Текущо местоположение) Дата на вписване в системата Местоположение - отдел Цена в лева Систематично азбучна сигнатура Баркод Цена в евро Служебен тип на артикула
  Не е изгубен Universal Decimal Classification Не е повреден без рестрикции ползва се в читалня 687395 Регионална библиотека "Любен Каравелов" Русе Регионална библиотека "Любен Каравелов" Русе Хранилище 2018-12-19 Хранилище 12.00 Цб 292692 120000827842 6.14 Книги
Vip Innovations Ltd, Rousse, Bulgaria 2025